South of the Equator Minefield Quiz Stats

 Plays Quiz Updated Aug 27, 2018

Challenge
Share
Tweet
Embed
Score 0/35 Timer 07:00
0 Plays Today
Country % Correct
South of equator???
76.9%
South of equator???
70.1%
South of equator???
68.5%
South of equator???
59.4%
South of equator???
54.4%
South of equator???
46.1%
South of equator???
45%
South of equator???
40.7%
South of equator???
40.2%
South of equator???
38.4%
South of equator???
38%
South of equator???
37.5%
South of equator???
35.5%
South of equator???
34.8%
South of equator???
33.7%
South of equator???
33%
South of equator???
32.9%
South of equator???
29.1%
Country % Correct
South of equator???
25.4%
South of equator???
25.4%
South of equator???
24.6%
South of equator???
22.4%
South of equator???
21.8%
South of equator???
21.7%
South of equator???
20.9%
South of equator???
20.4%
South of equator???
18.9%
South of equator???
18.3%
South of equator???
17.7%
South of equator???
16.5%
South of equator???
16.1%
South of equator???
14.8%
South of equator???
14.7%
South of equator???
13.4%
MINE:???
7.7%

You're not logged in!

Compare scores with friends on all Sporcle quizzes.
OR
Log In

You Might Also Like...

Show Comments

Extras

Top Quizzes Today


Score Distribution

Your Account Isn't Verified!

In order to create a playlist on Sporcle, you need to verify the email address you used during registration. Go to your Sporcle Settings to finish the process.

Report this User

Report this user for behavior that violates our Community Guidelines.

Details: